000 00495nam a2200181Ia 4500
001 19491
005 20260306172657.0
008 260306t2021||||xx |||||||||||||| ||spa||
041 _aESP
082 _a340.05
_bS14
100 _aSáenz, María Jimena,
_eAUT
245 0 _aLas relaciones entre el derecho y la literatura :
_buna lectura del proyecto de Martha Nussbaum
260 _c2021
300 _a201 páginas :
_c24 cm.
650 _aGEN
654 _aCDE
942 _cLIB
_dJUS
_fJUS
_2ddc
_n
999 _c19491
_d19491